Esta bruma insensata (Record no. 15616)
[ view plain ]
| 000 -Etiqueta do registo | |
|---|---|
| Valores | 00747nam a2200241 4500 |
| 010 ## - Número ISBN | |
| ISBN | 9789898580764 |
| 021 ## - Número do Depósito Legal | |
| Número | 467208/20 |
| 100 ## - Dados gerais de processamento | |
| Dados gerais | 20220215d2020 m y0pory50030103ba |
| 200 1# - Titulo e menção de responsabilidade | |
| Título próprio | Esta bruma insensata |
| Primeira menção de responsabilidade | Enrique Vila-Mata |
| Outras menções de responsabilidade | trad. Maria Manuel Viana |
| 205 ## - Menção da edição | |
| Edição | 1ª ed |
| 210 #9 - Publicação | |
| Local de publicação | Lisboa |
| Nome do editor | Teodolito, |
| Data de publicação | 2020 |
| 215 ## - Descrição física | |
| Paginação / Volumes | 208 p. |
| Dimensões | 24 cm |
| 225 2# - Colecção | |
| Título próprio da colecção | Ficção |
| 300 ## - Notas gerais | |
| Texto da nota | PADES |
| 304 ## - Nota relativa ao título | |
| Texto de nota | Tít. orig.: Esta bruma insensata |
| 675 ## - CDU | |
| Notação | 821.134.1-31"19/20" |
| Edição | BN |
| Língua | por |
| 700 #1 - Autor principal (pessoa individual) | |
| Apelido | Vila-Matas, |
| Nome | Enrique, |
| Datas | 1948- |
| 702 #1 - Autor secundário (pessoa individual) | |
| Apelido | Viana, |
| Nome | Maria Manuel, |
| Datas | 1955-2022 |
| 801 #0 - Fonte de origem | |
| País | PT |
| Agência | BN |
| Regras de catalogação | RPC |
| 856 41 - Localização e acesso electrónico | |
| URL | <a href="http://rnod.bnportugal.gov.pt/ImagesBN/winlibimg.aspx?skey=&doc=2092661&img=162428&save=true">http://rnod.bnportugal.gov.pt/ImagesBN/winlibimg.aspx?skey=&doc=2092661&img=162428&save=true</a> |
| 990 ## - Elementos KOHA | |
| Tipo de documento | Livro |
| Situação do levantamento | Estado | Número | Biblioteca de origem | Código de barras | Cota | Permissão de empréstimo | Tipo de documento | Forma de aquisição |
|---|---|---|---|---|---|---|---|---|
| BMA | Biblioteca Municipal do Alandroal | 16880/21 | 821.134.2-32 VIL | Livro | Compra |